|
|
|
|
| LEADER |
01261nam a2200229 a 4500 |
| 001 |
GR-MES4975 |
| 003 |
GR-PaULI |
| 005 |
20231026100939.0 |
| 008 |
991111s1990 gr a g 000 0 gre d |
| 952 |
|
|
|0 0
|1 0
|2 ddc
|4 0
|6 334_509000000000000_945_ΚΟΣ
|7 0
|9 269620
|a MSLG
|b MSLG
|c BSC
|d 2021-01-17
|e 24
|f 0
|g 0.00
|l 0
|o 334.509 945 ΚΟΣ
|p 2420000002829
|r 2021-01-17 00:00:00
|t 1
|w 2021-01-17
|y BK15
|x 19991111 0 1
|x GrPaTEI
|
| 952 |
|
|
|0 0
|1 0
|2 ddc
|4 0
|6 334_509000000000000_495_ΚΟΣ
|7 0
|9 325922
|a LISA
|b LISA
|c BSC
|d 2021-06-14
|i 15370
|l 0
|o 334.509 495 ΚΟΣ
|p 025000268437
|r 2021-06-14 00:00:00
|t 2
|w 2021-06-14
|y BK15
|
| 999 |
|
|
|c 155588
|d 155588
|
| 040 |
|
|
|a GrPaTEI
|b gre
|c GR-PaULI
|d GR-AiPI
|e AACR2
|
| 082 |
0 |
4 |
|a 334.509 495
|2 23
|
| 100 |
1 |
|
|a Κοσμόπουλος, Δημήτρης Θ.,
|d 1956-
|e συγγραφέας.
|9 186414
|
| 245 |
1 |
3 |
|a Οι καταναλωτικοί συνεταιρισμοί στην Ελλάδα /
|c Δημήτρης Κοσμόπουλος.
|
| 260 |
|
|
|a Πάτρα :
|b Konsum,
|c 1990.
|
| 300 |
|
|
|a 192 σ. :
|b εικ., πίν. σχ. ;
|c 24 εκ.
|
| 504 |
|
|
|6 Βιβλιογραφία : σ. 189-191.
|
| 650 |
|
4 |
|a Καταναλωτικοί συνεταιρισμοί
|9 186415
|z Ελλάδα
|x Ιστορία.
|
| 942 |
|
|
|2 ddc
|c BK15
|
| 998 |
|
|
|c ΜΙΧΟΣΤΑΥΡΟΥ
|d 2021-06
|